000 00440nam a22001817a 4500
003 NUST - PNEC
005 20170116180912.0
008 150903b xxu||||| |||| 00| 0 eng d
020 _a-
040 _cLIBRARY
082 _a620.112 HIG
100 _97088
_ahigdon, Archie
245 _aMechanics of materials
_cArchie higdon
250 _a2nd ed.
260 _cc.1967
650 _97091
_aMechanical Engineering
_xME
942 _2ddc
_cBK
999 _c65289
_d65289